Countries in WW2 - Statistics

General Stats
  • This quiz has been taken 73 times
  • The average score is 10 of 11
Answer Stats
Question Answer % Correct
When year did Germany surrender to the allies 1945
100%
True or False: Germany did not turn on the USSR FALSE
100%
What did Japan do first before they started their invasion of south east Asia They launched an attack on pearl harbor
100%
How did the US get japan to surrender They nuked them
100%
True Or false: the UK surrendered after the fall of France FALSE
86%
Which country started WW2 Germany
86%
What caused the UK and France declare war on Germany invasion of poland
86%
Why did japan invade china They wanted natural resources
86%
what country helped Germany invade Poland USSR
86%
Why did Germany dig in when they were invading USSR winter settled in
86%
What country did Italy invade in Africa Abyssinia
57%
No matching quizzes found
Score Distribution
Percent of People with Each Score
Percentile by Number Answered
Your Score History
You have not taken this quiz